000 00985nas a2200289 4500
001 BR9206266
003 BR-BrBNA
005 20231205092915.0
007 ta
008 230509b bl.|||p| |||| 00| 00por d
040 _aBR-BrBNA
_bpor
_cBiblioteca Nacional de Agricultura
041 _a(Pt)
072 _aL40
100 1 _aRazook, A.G.
100 1 _aLima, F.P.
100 1 _aBonilha Neto, L.M.
100 1 _aFigueiredo, L.A. de
100 1 _aPacola, L.J.
245 1 _aRespostas correlacionadas a selecao para peso pos-desmame sobre caracteristicas morfologicas de bovinos Nelore
246 1 _aCorrelated responses in linear type traits of Nelore bulls of lines selected for post-weaning weights
650 _aGADO DE CORTE
650 _aGADO NELORE
650 _aMORFOLOGIA ANIMAL
773 0 _tBoletim de Industria Animal (Brazil)
_xISSN 0067-9615
_g(Jan-Jun 1990), v. 47(1) p. 11-18
_wBR9206266
909 _a202311
_bLúcia
_c55
_dLúcia Elande
942 _2AGRIS
_n0
_cANA
999 _c135031
_d135031